[Event "Warsaw Najdorf Memorial op-A 17th"]
[Site "Warsaw"]
[Date "2019.07.09"]
[Round "4"]
[White "Jakubowski, Krzysztof"]
[Black "Hassan, Abdullah"]
[Result "1-0"]
[WhiteElo "2528"]
[BlackElo "2311"]
[PlyCount "115"]
[EventDate "2019.07.06"]
[EventType "swiss"]
[EventRounds "9"]
[EventCountry "POL"]
[SourceTitle "CBM 191 Extra"]
[Source "ChessBase"]
[SourceDate "2019.09.30"]
[SourceVersion "1"]
[SourceVersionDate "2019.09.30"]
[SourceQuality "1"]

1. c4 c6 2. Nf3 d5 3. e3 Nf6 4. Nc3 e6 5. b3 Nbd7 6. Bb2 e5 7. cxd5 cxd5 8. Rc1 a6 9. Ne2 Bd6 10. Ng3 g6 11. h4 h5 12. Ng5 Nc5 13. d4 Bg4 14. f3 exd4 15. Ne2 Bf5 16. Nxd4 Bg3+ 17. Kd2 Qa5+ 18. Rc3 Be5 19. a3 Bxd4 20. exd4 Ne6 21. Bd3 Bxd3 22. Nxe6 fxe6 23. Kxd3 0-0 24. Qe1 Qb6 25. Qg3 Kg7 26. Rhc1 Rf7 27. Kc2 Rd8 28. Qe5 Qd6 29. a4 Qxe5 30. dxe5 Ng8 31. Rd1 Ne7 32. Bc1 Nf5 33. Bg5 Rdd7 34. Kd3 d4 35. Rc8 Ne3 36. Bf6+ Rxf6 37. exf6+ Kxf6 38. Rd2 e5 39. Rf8+ Ke7 40. Rb8 Nf5 41. Re2 Ne3 42. Rh8 Kf6 43. g3 Rc7 44. Rf8+ Ke7 45. Rb8 Kf6 46. f4 exf4 47. Rf8+ Kg7 48. Rxf4 Nf5 49. Rc2 Re7 50. Re4 Rd7 51. g4 hxg4 52. Rc8 g3 53. Rg4 Kf6 54. Rg8 Ne7 55. Rf8+ Kg7 56. Rf1 Kh6 57. Rf7 Rc7 58. Kd2 1-0

[Event "Warsaw Najdorf Memorial op-A 17th"]
[Site "Warsaw"]
[Date "2019.07.06"]
[Round "1"]
[White "Sielicki, Tomasz"]
[Black "Hassan, Abdullah"]
[Result "0-1"]
[WhiteElo "2036"]
[BlackElo "2311"]
[PlyCount "94"]
[EventDate "2019.07.06"]
[EventType "swiss"]
[EventRounds "9"]
[EventCountry "POL"]
[SourceTitle "CBM 191 Extra"]
[Source "ChessBase"]
[SourceDate "2019.09.30"]
[SourceVersion "1"]
[SourceVersionDate "2019.09.30"]
[SourceQuality "1"]

1. d4 d5 2. c4 c6 3. cxd5 cxd5 4. Nc3 Nf6 5. f3 Nc6 6. e4 e6 7. e5 Nd7 8. f4 Be7 9. Nf3 f5 10. exf6 Nxf6 11. Bd3 0-0 12. 0-0 Bd7 13. Kh1 g6 14. Be3 Ng4 15. Bg1 Nh6 16. Ne5 Nxe5 17. fxe5 Rxf1 18. Qxf1 Qb6 19. Qe2 Rf8 20. g4 Bg5 21. h3 Kg7 22. Kg2 Ng8 23. Rf1 Rxf1 24. Kxf1 Ne7 25. Qf2 Nc6 26. h4 Be7 27. h5 Bg5 28. Nb5 Nxe5 29. dxe5 Bxb5 30. Bxb5 Qxb5+ 31. Qe2 Qa4 32. b3 Qf4+ 33. Kg2 b6 34. hxg6 hxg6 35. Bh2 Qb4 36. Bg3 Bf4 37. Qf3 g5 38. Kh3 Qd4 39. Bxf4 gxf4 40. g5 Qxe5 41. Qh5 Qf5+ 42. Kg2 Qg6 43. Qg4 Qe4+ 44. Kf1 Qb1+ 45. Ke2 Qxa2+ 46. Kd3 Qxb3+ 47. Kd4 Qe3# 0-1

[Event "Arab Clubs-chT"]
[Site "Sharjah"]
[Date "2018.02.11"]
[Round "7.4"]
[White "Hassan, Abdullah"]
[Black "Mohannad, Farhan"]
[Result "1-0"]
[WhiteElo "2312"]
[BlackElo "2242"]
[PlyCount "59"]
[EventDate "2018.02.06"]
[EventType "team-tourn"]
[EventRounds "9"]
[EventCountry "UAE"]
[SourceTitle "CBM 182 Extra"]
[Source "ChessBase"]
[SourceDate "2018.02.23"]
[SourceVersion "1"]
[SourceVersionDate "2018.02.23"]
[SourceQuality "1"]
[WhiteTeam "Sharjah"]
[BlackTeam "Amman"]
[WhiteTeamCountry "UAE"]
[BlackTeamCountry "JOR"]

1. d4 Nf6 2. Nf3 e6 3. e3 b6 4. Bd3 Bb7 5. 0-0 d6 6. c4 Nbd7 7. Nc3 e5 8. d5 Be7 9. b3 0-0 10. Bb2 Ne8 11. Ne1 f5 12. f4 g6 13. g4 e4 14. Be2 h6 15. Nc2 Ng7 16. Nd4 Bf6 17. Kh1 Kh7 18. Rg1 Nc5 19. b4 Nd3 20. Bxd3 Bxd4 21. gxf5 Nxf5 22. Bxe4 Bxc3 23. Bxc3 Qe7 24. Qd3 Rae8 25. Bxf5 gxf5 26. Rg3 c6 27. Rag1 Rf6 28. Bxf6 Qxf6 29. Rg7+ Qxg7 30. Qxf5+ 1-0

[Event "World Cities-ch GpA"]
[Site "Al Ain"]
[Date "2012.12.22"]
[Round "1.2"]
[White "Rahman, Ziaur"]
[Black "Hassan, Abdullah"]
[Result "1-0"]
[WhiteElo "2518"]
[BlackElo "2378"]
[PlyCount "73"]
[EventDate "2012.12.22"]
[EventType "team-tourn"]
[EventRounds "3"]
[EventCountry "UAE"]
[SourceTitle "CBM 152"]
[Source "ChessBase"]
[SourceDate "2013.01.15"]
[SourceVersion "1"]
[SourceVersionDate "2013.01.15"]
[SourceQuality "1"]
[WhiteTeam "Dhaka"]
[BlackTeam "Al Ain"]
[WhiteTeamCountry "BAN"]
[BlackTeamCountry "UAE"]

1. Nf3 d5 2. d4 Nf6 3. c4 e6 4. g3 Bb4+ 5. Bd2 Be7 6. Bg2 0-0 7. 0-0 c6 8. Qc2 Nbd7 9. Rd1 b6 10. b3 Bb7 11. Nc3 Rc8 12. e4 c5 13. exd5 exd5 14. Be1 dxc4 15. d5 Bd6 16. bxc4 a6 17. a4 Re8 18. a5 Rb8 19. axb6 Nxb6 20. Qd3 Bc8 21. Bd2 h6 22. h3 Bd7 23. Rxa6 Qc8 24. Rda1 Bxh3 25. Nb5 Bxg2 26. Kxg2 Ne4 27. Nxd6 Nxd6 28. Bf4 Qd8 29. Ne5 Ra8 30. Rxa8 Nxa8 31. Nc6 Qf6 32. Rxa8 Rxa8 33. Be5 Qg5 34. Bxd6 Ra1 35. Ne7+ Kh8 36. Qf5 Qxf5 37. Nxf5 1-0

[Event "Golden Sands Europe op 1st"]
[Site "Golden Sands"]
[Date "2012.06.11"]
[Round "8"]
[White "Vuckovic, Bojan"]
[Black "Hassan, Abdullah"]
[Result "1/2-1/2"]
[WhiteElo "2628"]
[BlackElo "2356"]
[PlyCount "101"]
[EventDate "2012.06.04"]
[EventType "swiss"]
[EventRounds "9"]
[EventCountry "BUL"]
[SourceTitle "CBM 148 Extra"]
[Source "ChessBase"]
[SourceDate "2012.06.22"]
[SourceVersion "1"]
[SourceVersionDate "2012.06.22"]
[SourceQuality "1"]

1. e4 e6 2. d4 d5 3. Nc3 Nf6 4. Bg5 dxe4 5. Nxe4 Be7 6. Bxf6 Bxf6 7. Nf3 Nd7 8. Qd2 0-0 9. 0-0-0 b6 10. Bd3 Bb7 11. h4 Be7 12. c3 c5 13. Neg5 h6 14. Bh7+ Kh8 15. Bc2 Qc7 16. Qd3 Nf6 17. Ne5 Bd6 18. Rhe1 cxd4 19. Ng4 Ba6 20. Qxa6 Nxg4 21. Qd3 Bf4+ 22. Kb1 g6 23. Nh3 h5 24. f3 Ne3 25. Nxf4 Qxf4 26. g3 Qf6 27. Qxd4 Qxd4 28. Rxd4 Nd5 29. Be4 Rae8 30. f4 Nf6 31. Bf3 Rd8 32. Rxd8 Rxd8 33. Kc2 Kg7 34. b4 Rc8 35. a4 Kf8 36. Re3 Ke7 37. Kb3 Ne8 38. Be2 Nd6 39. Bd3 Nf5 40. Rf3 Rc6 41. Be4 Rc7 42. b5 Rc5 43. Rd3 Nd6 44. Bg2 Nc4 45. Kb4 Nd6 46. Bf3 Rc4+ 47. Kb3 Rc5 48. Kb4 Rc4+ 49. Kb3 Rc5 50. Kb4 Rc4+ 51. Kb3 1/2-1/2

[Event "Golden Sands Europe op 1st"]
[Site "Golden Sands"]
[Date "2012.06.10"]
[Round "7"]
[White "Hassan, Abdullah"]
[Black "Ashwin, Jayaram"]
[Result "0-1"]
[WhiteElo "2356"]
[BlackElo "2471"]
[PlyCount "98"]
[EventDate "2012.06.04"]
[EventType "swiss"]
[EventRounds "9"]
[EventCountry "BUL"]
[SourceTitle "CBM 148 Extra"]
[Source "ChessBase"]
[SourceDate "2012.06.22"]
[SourceVersion "1"]
[SourceVersionDate "2012.06.22"]
[SourceQuality "1"]

1. d4 Nf6 2. Nf3 e6 3. e3 b6 4. Bd3 Bb7 5. 0-0 g6 6. c4 Bg7 7. d5 0-0 8. e4 d6 9. Nc3 Nbd7 10. h3 c6 11. Bf4 cxd5 12. cxd5 Nc5 13. Bc2 exd5 14. exd5 Re8 15. Bg5 h6 16. Be3 Nfe4 17. Nxe4 Nxe4 18. Ba4 Re7 19. Nd4 Rc8 20. Bc6 Ba6 21. Re1 Nc5 22. Qd2 Nd3 23. Red1 Re4 24. Qc3 Nf4 25. Bxf4 Rxf4 26. Qe3 Qf6 27. Nf3 Rc7 28. Re1 Bf8 29. Qa3 Bc8 30. Re3 Re7 31. Rxe7 Bxe7 32. Re1 a5 33. Qe3 Bf8 34. Nd2 Qd4 35. Qxd4 Rxd4 36. Ne4 Be7 37. Nc3 Kf8 38. Na4 Rb4 39. Re3 Bf5 40. a3 Rc4 41. g4 Be4 42. Nxb6 Rc1+ 43. Kh2 f5 44. f4 Bh4 45. Rxe4 fxe4 46. Kg2 Rc2+ 47. Kf1 e3 48. Bb5 Rf2+ 49. Kg1 Rxb2 0-1

[Event "Golden Sands Europe op 1st"]
[Site "Golden Sands"]
[Date "2012.06.08"]
[Round "5"]
[White "Hassan, Abdullah"]
[Black "Chirila, Ioan Cristian"]
[Result "1/2-1/2"]
[WhiteElo "2356"]
[BlackElo "2521"]
[PlyCount "74"]
[EventDate "2012.06.04"]
[EventType "swiss"]
[EventRounds "9"]
[EventCountry "BUL"]
[SourceTitle "CBM 148 Extra"]
[Source "ChessBase"]
[SourceDate "2012.06.22"]
[SourceVersion "1"]
[SourceVersionDate "2012.06.22"]
[SourceQuality "1"]

1. d4 Nf6 2. Nf3 g6 3. g3 Bg7 4. Bg2 0-0 5. 0-0 d6 6. c4 Nc6 7. Nc3 Bf5 8. d5 Na5 9. Nd4 Bd7 10. b3 c5 11. dxc6 bxc6 12. e3 Rb8 13. Rb1 Qc8 14. Re1 Rd8 15. Bb2 Bh3 16. Bh1 e5 17. Nc2 Be6 18. e4 Nb7 19. Ba3 Nc5 20. Bxc5 dxc5 21. Qe2 Bh6 22. Red1 Qc7 23. Rxd8+ Rxd8 24. Rd1 Qa5 25. Rxd8+ Qxd8 26. Qd1 Qa5 27. Qd3 Nd7 28. Na4 Nb6 29. Qc3 Qxc3 30. Nxc3 Bc1 31. Nd1 Kf8 32. Ne1 Nd7 33. Nd3 Bh6 34. f4 Ke7 35. Ne3 f6 36. Kf2 Kd6 37. Bf3 exf4 1/2-1/2

[Event "Golden Sands Europe op 1st"]
[Site "Golden Sands"]
[Date "2012.06.06"]
[Round "3"]
[White "Hassan, Abdullah"]
[Black "Ljangov, Petar"]
[Result "1-0"]
[WhiteElo "2356"]
[BlackElo "2098"]
[PlyCount "77"]
[EventDate "2012.06.04"]
[EventType "swiss"]
[EventRounds "9"]
[EventCountry "BUL"]
[SourceTitle "CBM 148 Extra"]
[Source "ChessBase"]
[SourceDate "2012.06.22"]
[SourceVersion "1"]
[SourceVersionDate "2012.06.22"]
[SourceQuality "1"]

1. d4 Nf6 2. Nf3 e6 3. e3 c5 4. Bd3 Nc6 5. 0-0 Be7 6. c4 cxd4 7. exd4 d5 8. c5 0-0 9. a3 Ne4 10. b4 a6 11. Qe2 Ng5 12. Nbd2 Nxf3+ 13. Nxf3 Bf6 14. Bb2 Bd7 15. Rac1 g6 16. Rfd1 Re8 17. g3 Bg7 18. Qe3 Ne7 19. Ne5 Ba4 20. Re1 Nc6 21. h4 Nxe5 22. dxe5 Bc6 23. Bd4 h5 24. Kh2 Qe7 25. Rg1 Kh8 26. Kh3 Rg8 27. g4 hxg4+ 28. Rxg4 Qf8 29. Rcg1 Bh6 30. f4 Rg7 31. h5 gxh5 32. Rxg7 Bxg7 33. Qf3 Bd7 34. Qxh5+ Bh6 35. f5 Bb5 36. Bc2 Rc8 37. Be3 Be2 38. Qh4 Bf1+ 39. Rxf1 1-0

[Event "Asia rap (Men) 16th"]
[Site "Guangzhou"]
[Date "2010.11.15"]
[Round "7"]
[White "Hassan, Abdullah"]
[Black "Kazhgaleyev, Murtas"]
[Result "0-1"]
[WhiteElo "2398"]
[BlackElo "2623"]
[PlyCount "102"]
[EventDate "2010.11.13"]
[EventType "swiss (rapid)"]
[EventRounds "9"]
[EventCountry "CHN"]
[SourceTitle "EXT 2011"]
[Source "ChessBase"]
[SourceDate "2010.11.26"]
[SourceVersion "1"]
[SourceVersionDate "2010.11.26"]
[SourceQuality "1"]

1. d4 Nf6 2. Nf3 g6 3. g3 Bg7 4. Bg2 0-0 5. 0-0 d6 6. c4 Nbd7 7. Nc3 e5 8. e4 exd4 9. Nxd4 Re8 10. h3 Rf8 11. Nf3 Re8 12. Nd4 Nc5 13. Re1 Bd7 14. Rb1 h6 15. b4 Ne6 16. Be3 Ng5 17. Bxg5 hxg5 18. Qd3 g4 19. h4 Nh5 20. Rbd1 a5 21. b5 Be5 22. a4 c6 23. Nb3 Qf6 24. Ne2 cxb5 25. cxb5 Rec8 26. Rc1 Qd8 27. Nc3 Nf6 28. Nd5 Nxd5 29. exd5 Qf6 30. Be4 Kg7 31. Kg2 Bb2 32. Rc2 Rxc2 33. Qxc2 Rc8 34. Qb1 b6 35. Re2 Bc3 36. Kg1 Rc4 37. Qa2 Be5 38. Bd3 Rc3 39. Be4 Bf5 40. Nd2 Bxe4 41. Rxe4 Bxg3 42. Nf1 Bf4 43. Qe2 g3 44. fxg3 Bxg3 45. Re3 Bf4 46. Re4 Bg3 47. Re3 Bxh4 48. Rxc3 Qxc3 49. Qe4 Bf6 50. Kg2 Qb2+ 51. Kf3 Bd4 0-1

[Event "Asia rap (Men) 16th"]
[Site "Guangzhou"]
[Date "2010.11.14"]
[Round "3"]
[White "Antonio, Rogelio Jr"]
[Black "Hassan, Abdullah"]
[Result "1/2-1/2"]
[WhiteElo "2573"]
[BlackElo "2398"]
[PlyCount "191"]
[EventDate "2010.11.13"]
[EventType "swiss (rapid)"]
[EventRounds "9"]
[EventCountry "CHN"]
[SourceTitle "EXT 2011"]
[Source "ChessBase"]
[SourceDate "2010.11.26"]
[SourceVersion "1"]
[SourceVersionDate "2010.11.26"]
[SourceQuality "1"]

1. e4 e6 2. d4 d5 3. Nc3 Nf6 4. Bg5 dxe4 5. Nxe4 Be7 6. Bxf6 Bxf6 7. Nf3 Nd7 8. Qd2 0-0 9. 0-0-0 b6 10. Bc4 Bb7 11. Qf4 Qe7 12. Rhe1 Rfd8 13. h4 h6 14. Kb1 Rac8 15. a3 Bxe4 16. Qxe4 g6 17. d5 e5 18. d6 cxd6 19. Qxg6+ Bg7 20. Ba2 Nf6 21. Nd4 Kf8 22. Qd3 Qd7 23. Nf5 e4 24. Qh3 d5 25. c3 h5 26. f3 Re8 27. fxe4 Nxe4 28. Nxg7 Qxh3 29. gxh3 Kxg7 30. Bxd5 f5 31. Bxe4 Rxe4 32. Rxe4 fxe4 33. Rd5 Kf6 34. Kc2 Rg8 35. Kd2 Rg2+ 36. Ke3 Rxb2 37. Kxe4 Rb3 38. Kd4 Rxa3 39. Rxh5 Ra4+ 40. c4 Ra3 41. Rh7 Rxh3 42. Kd5 Ra3 43. h5 Ra5+ 44. Kd4 Ra1 45. Rb7 Kg5 46. Rh7 Rd1+ 47. Ke5 a5 48. h6 Kg6 49. Rb7 Kxh6 50. Rxb6+ Kg7 51. Rb7+ Kf8 52. Ke6 Rc1 53. Rb8+ Kg7 54. Rb7+ Kf8 55. Rb8+ Kg7 56. Kd5 Kf6 57. c5 Ke7 58. Kc6 a4 59. Ra8 Rc4 60. Kb6 Kd7 61. Ra7+ Kc8 62. Kc6 Kb8 63. Ra5 Rb4 64. Ra6 Rh4 65. Rb6+ Ka7 66. Rb1 Rh6+ 67. Kb5 Kb7 68. Rg1 Rh7 69. Rg6 a3 70. Rg3 a2 71. Ra3 Rh1 72. Rxa2 Rb1+ 73. Kc4 Rc1+ 74. Kd5 Rd1+ 75. Kc4 Rc1+ 76. Kd4 Rd1+ 77. Kc4 Rc1+ 78. Kd5 Rd1+ 79. Kc4 Rc1+ 80. Kd4 Rd1+ 81. Kc4 Rc1+ 82. Kb4 Rb1+ 83. Kc4 Rc1+ 84. Kb5 Rb1+ 85. Kc4 Rc1+ 86. Kd5 Rd1+ 87. Kc4 Rc1+ 88. Kb4 Rb1+ 89. Kc3 Rc1+ 90. Kd4 Rd1+ 91. Kc4 Rc1+ 92. Kb5 Rb1+ 93. Kc4 Rc1+ 94. Kb4 Rb1+ 95. Kc3 Rc1+ 96. Rc2 1/2-1/2

[Event "Asian Continental op 08th"]
[Site "Subic Bay"]
[Date "2009.05.16"]
[Round "4"]
[White "Hassan, Abdullah"]
[Black "Zhou, Jianchao"]
[Result "1/2-1/2"]
[WhiteElo "2322"]
[BlackElo "2635"]
[PlyCount "90"]
[EventDate "2009.05.13"]
[EventType "swiss"]
[EventRounds "11"]
[EventCountry "PHI"]
[SourceTitle "CBM 130 Extra"]
[Source "ChessBase"]
[SourceDate "2009.07.02"]
[SourceVersion "2"]
[SourceVersionDate "2009.07.15"]
[SourceQuality "1"]

1. d4 Nf6 2. Nf3 g6 3. g3 Bg7 4. Bg2 0-0 5. 0-0 d6 6. c4 Nc6 7. Nc3 Bf5 8. d5 Na5 9. Nd4 Bd7 10. b3 c5 11. Nc2 a6 12. Qd3 Rb8 13. Bb2 b5 14. Ne3 Ng4 15. Nxg4 Bxg4 16. cxb5 axb5 17. Nd1 c4 18. Qd2 Bxb2 19. Qxb2 b4 20. h3 Bd7 21. bxc4 Nxc4 22. Qd4 Bb5 23. Ne3 Qb6 24. Qxb6 Rxb6 25. Nc2 Na3 26. Nxa3 bxa3 27. Rfb1 Rfb8 28. Rb3 Bxe2 29. Rxa3 Bc4 30. Ra4 Bd3 31. Rd4 Ba6 32. a4 Rb1+ 33. Rd1 R1b2 34. a5 Kf8 35. Rdc1 Ke8 36. Rc6 Rb1+ 37. Rc1 Rxc1+ 38. Rxc1 Rb5 39. Ra1 Rc5 40. Bf1 Bb7 41. a6 Bxd5 42. a7 Rc8 43. Rb1 Kd7 44. Bg2 Bxg2 45. Kxg2 Ra8 1/2-1/2

[Event "Asian Continental op 08th"]
[Site "Subic Bay"]
[Date "2009.05.14"]
[Round "2"]
[White "Hassan, Abdullah"]
[Black "Nolte, Rolando"]
[Result "1/2-1/2"]
[WhiteElo "2322"]
[BlackElo "2479"]
[PlyCount "106"]
[EventDate "2009.05.13"]
[EventType "swiss"]
[EventRounds "11"]
[EventCountry "PHI"]
[SourceTitle "CBM 130 Extra"]
[Source "ChessBase"]
[SourceDate "2009.07.02"]
[SourceVersion "2"]
[SourceVersionDate "2009.07.15"]
[SourceQuality "1"]

1. d4 d5 2. Nf3 Nf6 3. c4 c6 4. e3 e6 5. Nc3 Nbd7 6. Bd3 dxc4 7. Bxc4 b5 8. Bd3 Bb7 9. 0-0 a6 10. a3 c5 11. Bd2 Bd6 12. Rc1 0-0 13. Qe2 Qe7 14. Ng5 c4 15. Bb1 h6 16. Nf3 e5 17. Nxe5 Nxe5 18. dxe5 Qxe5 19. f4 Qc5 20. Kh1 Rfe8 21. e4 Qc6 22. e5 Bc5 23. Qf3 Qxf3 24. gxf3 Rad8 25. exf6 Rxd2 26. Be4 Bc8 27. Rc2 Rxc2 28. Bxc2 Bd4 29. fxg7 Kxg7 30. Be4 Bh3 31. Rd1 Bxc3 32. bxc3 f5 33. Bb7 a5 34. Bc6 Re3 35. Rc1 Re2 36. Rg1+ Kf6 37. Bxb5 Rc2 38. Bxc4 Rxc3 39. Bb5 Rxa3 40. Rg3 Ra1+ 41. Rg1 Ra2 42. Rg3 Ra1+ 43. Rg1 Rxg1+ 44. Kxg1 h5 45. Kf2 h4 46. Ke3 Ke6 47. Kd4 Kd6 48. Ba4 Bg2 49. Bc2 Ke6 50. Bb3+ Kd6 51. Bc2 Bh3 52. Ba4 Bf1 53. Bc2 Bh3 1/2-1/2

[Event "Dubai op 11th"]
[Site "Dubai"]
[Date "2009.04.27"]
[Round "2"]
[White "Hassan, Abdullah"]
[Black "Gasanov, Eldar"]
[Result "0-1"]
[WhiteElo "2322"]
[BlackElo "2551"]
[PlyCount "117"]
[EventDate "2009.04.26"]
[EventType "swiss"]
[EventRounds "9"]
[EventCountry "UAE"]
[SourceTitle "CBM 130 Extra"]
[Source "ChessBase"]
[SourceDate "2009.07.02"]
[SourceVersion "2"]
[SourceVersionDate "2009.07.15"]
[SourceQuality "1"]

1. d4 Nf6 2. Nf3 e6 3. e3 b6 4. Bd3 Bb7 5. 0-0 d5 6. b3 Bd6 7. Bb2 0-0 8. c4 Nbd7 9. Nc3 a6 10. Rc1 Qe7 11. Na4 dxc4 12. bxc4 c5 13. Ne5 Rfd8 14. Qe2 Rac8 15. Rfd1 Bc7 16. Bb1 Nf8 17. dxc5 bxc5 18. e4 Ba8 19. Nf3 Bf4 20. Rxd8 Rxd8 21. Re1 Bc6 22. Nc3 Qb7 23. Bc1 Bxc1 24. Rxc1 Ng6 25. Qe3 Qb2 26. h3 Nd7 27. Rd1 Rb8 28. Rd6 Qb7 29. e5 Bxf3 30. Bxg6 Bxg2 31. Bxh7+ Kxh7 32. Qd3+ Kg8 33. Rxd7 Qf3 34. Rd8+ Rxd8 35. Qxd8+ Kh7 36. Qh4+ Kg6 37. Qg4+ Qxg4 38. hxg4 Bf3 39. Kh2 Bxg4 40. Kg3 Kf5 41. f4 Bh5 42. Na4 Be2 43. Nxc5 Bxc4 44. a4 g5 45. fxg5 Kxe5 46. a5 Kd4 47. Nd7 e5 48. Nf8 e4 49. Kf2 e3+ 50. Ke1 Ke5 51. Nd7+ Ke4 52. Nb6 Bd3 53. Nd7 Bb5 54. Nf6+ Ke5 55. Kd1 e2+ 56. Ke1 Kf4 57. Nd5+ Kxg5 58. Nc3 Bd3 59. Nd5 0-1

[Event "Asia Cities-ch 16th"]
[Site "Beirut"]
[Date "2009.04.18"]
[Round "4.6"]
[White "Hassan, Abdullah"]
[Black "Moudallal, Tarek"]
[Result "1-0"]
[WhiteElo "2322"]
[BlackElo "2134"]
[PlyCount "74"]
[EventDate "2009.04.16"]
[EventType "team-swiss"]
[EventRounds "9"]
[EventCountry "LBN"]
[SourceTitle "EXT 2020"]
[Source "ChessBase"]
[SourceDate "2019.10.17"]
[SourceVersion "1"]
[SourceVersionDate "2019.10.17"]
[SourceQuality "1"]
[WhiteTeam "Sharjah"]
[BlackTeam "Chiah"]
[WhiteTeamCountry "UAE"]
[BlackTeamCountry "LBN"]

1. d4 Nf6 2. Nf3 e6 3. e3 b6 4. Bd3 d5 5. 0-0 Bd6 6. b3 0-0 7. Bb2 Bb7 8. c4 Nbd7 9. Nc3 a6 10. Rc1 c5 11. cxd5 exd5 12. Ne2 Ne4 13. Ng3 f5 14. Ne5 f4 15. Nxe4 dxe4 16. Bc4+ Kh8 17. Qg4 Bxe5 18. dxe5 fxe3 19. fxe3 Qe7 20. e6 Nf6 21. Bxf6 Rxf6 22. Rxf6 Qxf6 23. Rf1 Qe5 24. Qf4 Qxf4 25. Rxf4 g5 26. Rf7 Bc6 27. e7 Re8 28. Kf2 b5 29. Be6 Kg8 30. Kg3 h6 31. Kg4 Bd7 32. Rf8+ Kg7 33. Bxd7 Rxe7 34. Rd8 Kf7 35. Bf5 Kf6 36. Bxe4 Rxe4+ 37. Kf3 Ke5 1-0

[Event "Arcapita op"]
[Site "Manama"]
[Date "2009.01.31"]
[Round "7"]
[White "Kasparov, Sergey"]
[Black "Hassan, Abdullah"]
[Result "1-0"]
[WhiteElo "2488"]
[BlackElo "2320"]
[PlyCount "55"]
[EventDate "2009.01.24"]
[EventType "swiss"]
[EventRounds "9"]
[EventCountry "BHN"]
[SourceTitle "CBM 128 Extra"]
[Source "ChessBase"]
[SourceDate "2009.03.05"]
[SourceVersion "2"]
[SourceVersionDate "2009.03.25"]
[SourceQuality "1"]

1. Nf3 e6 2. d4 Nf6 3. Bg5 Be7 4. Nbd2 d5 5. e3 0-0 6. Bd3 Nbd7 7. c3 b6 8. Qc2 h6 9. Bf4 Bb7 10. Rg1 c5 11. g4 c4 12. Be2 Nh7 13. h4 b5 14. g5 hxg5 15. Bxg5 Nxg5 16. Nxg5 Bxg5 17. Rxg5 b4 18. f4 bxc3 19. bxc3 f6 20. Rg3 e5 21. Bg4 Qe7 22. Qg6 f5 23. Bxf5 Rxf5 24. Qxf5 Rf8 25. Qg5 Qxg5 26. fxg5 exd4 27. exd4 Nb6 28. Rf3 1-0

[Event "Olympiad-38"]
[Site "Dresden"]
[Date "2008.11.23"]
[Round "10"]
[White "Lehtinen, Heikki"]
[Black "Hassan, Abdullah"]
[Result "1-0"]
[WhiteElo "2381"]
[BlackElo "2287"]
[PlyCount "106"]
[EventDate "2008.11.13"]
[EventType "team-swiss"]
[EventRounds "11"]
[EventCountry "GER"]
[SourceTitle "CBM 128"]
[Source "ChessBase"]
[SourceDate "2009.01.28"]
[SourceVersion "1"]
[SourceVersionDate "2009.01.28"]
[SourceQuality "1"]
[WhiteTeam "Finland"]
[BlackTeam "United Arab Emirates"]
[WhiteTeamCountry "FIN"]
[BlackTeamCountry "UAE"]

1. d4 d5 2. c4 c6 3. Nc3 Nf6 4. e3 e6 5. Nf3 Nbd7 6. Qc2 Bd6 7. g4 h6 8. Bd2 a6 9. Rg1 Qe7 10. h4 dxc4 11. e4 e5 12. g5 hxg5 13. hxg5 Nd5 14. Bxc4 exd4 15. Nxd4 Nb4 16. Qb3 Nc5 17. Qd1 Nbd3+ 18. Bxd3 Nxd3+ 19. Ke2 Nf4+ 20. Bxf4 Bxf4 21. Nf3 Be6 22. Qd4 Rd8 23. Qxg7 Bc4+ 24. Ke1 Rh3 25. b3 Rxf3 26. bxc4 Be5 27. Qg8+ Qf8 28. Qxf8+ Kxf8 29. Rd1 Bxc3+ 30. Ke2 Rxd1 31. Rxd1 Rh3 32. Rd7 c5 33. Rxb7 Bb4 34. e5 Rh4 35. Ke3 Rd4 36. Rxb4 Kg7 37. Ra4 Kg6 38. Rxa6+ Kxg5 39. Rf6 Rd7 40. Rc6 Ra7 41. Rxc5 Kf5 42. Rd5 Rxa2 43. f4 Rc2 44. Rd4 Rc3+ 45. Kd2 Rf3 46. c5 Ke6 47. c6 Rf2+ 48. Kd3 Rf1 49. Rc4 Rd1+ 50. Ke4 Rd8 51. f5+ Ke7 52. Rd4 Rc8 53. f6+ Ke8 1-0

[Event "Olympiad-38"]
[Site "Dresden"]
[Date "2008.11.13"]
[Round "1"]
[White "Ozanne, Mark S"]
[Black "Hassan, Abdullah"]
[Result "0-1"]
[WhiteElo "2042"]
[BlackElo "2287"]
[PlyCount "52"]
[EventDate "2008.11.13"]
[EventType "team-swiss"]
[EventRounds "11"]
[EventCountry "GER"]
[SourceTitle "CBM 128"]
[Source "ChessBase"]
[SourceDate "2009.01.28"]
[SourceVersion "1"]
[SourceVersionDate "2009.01.28"]
[SourceQuality "1"]
[WhiteTeam "Guernsey"]
[BlackTeam "United Arab Emirates"]
[WhiteTeamCountry "GCI"]
[BlackTeamCountry "UAE"]

1. e4 e6 2. d4 d5 3. Nc3 Bb4 4. exd5 exd5 5. Qf3 Nc6 6. Bb5 Nge7 7. Bg5 f6 8. Bf4 a6 9. Bxc6+ bxc6 10. Nge2 0-0 11. 0-0 Bf5 12. Rac1 Qd7 13. a3 Bd6 14. h3 g5 15. Bxd6 cxd6 16. Ng3 Bg6 17. Rfe1 Rae8 18. Qe2 f5 19. Qxa6 f4 20. Nf1 f3 21. g4 h5 22. Ne3 hxg4 23. hxg4 Rf4 24. Qf1 Rxg4+ 25. Nxg4 Qxg4+ 26. Kh2 Kf7 0-1

[Event "UAE President's Cup"]
[Site "Al Ain"]
[Date "2008.08.27"]
[Round "6"]
[White "Al Zarooni, Eisa"]
[Black "Hassan, Abdullah"]
[Result "0-1"]
[WhiteElo "1719"]
[BlackElo "2334"]
[PlyCount "54"]
[EventDate "2008.08.23"]
[EventType "swiss"]
[EventRounds "9"]
[EventCountry "UAE"]
[SourceTitle "CBM 126 Extra"]
[Source "ChessBase"]
[SourceDate "2008.11.05"]
[SourceVersion "1"]
[SourceVersionDate "2008.11.05"]
[SourceQuality "1"]

1. d4 e6 2. Nf3 Nf6 3. c4 b6 4. e3 Bb7 5. Bd3 Be7 6. 0-0 0-0 7. Nbd2 d5 8. b3 Nbd7 9. Bb2 c5 10. cxd5 Nxd5 11. Qe2 cxd4 12. Nxd4 Nc5 13. Rfc1 Nxd3 14. Qxd3 Nb4 15. Qe2 Qd5 16. Qf3 Qxf3 17. N2xf3 Rfc8 18. Ne1 Bf6 19. a3 Nd5 20. Rxc8+ Rxc8 21. Rc1 Rxc1 22. Bxc1 Nc3 23. Kf1 Ba6+ 24. Kg1 Bxd4 25. exd4 Ne2+ 26. Kh1 Nxc1 27. b4 Nd3 0-1

[Event "UAE President's Cup"]
[Site "Al Ain"]
[Date "2008.08.25"]
[Round "4"]
[White "Mansour, Abbas Khoori"]
[Black "Hassan, Abdullah"]
[Result "0-1"]
[WhiteElo "1968"]
[BlackElo "2334"]
[PlyCount "86"]
[EventDate "2008.08.23"]
[EventType "swiss"]
[EventRounds "9"]
[EventCountry "UAE"]
[SourceTitle "CBM 126 Extra"]
[Source "ChessBase"]
[SourceDate "2008.11.05"]
[SourceVersion "1"]
[SourceVersionDate "2008.11.05"]
[SourceQuality "1"]

1. e4 e6 2. d4 d5 3. exd5 exd5 4. Nf3 Nf6 5. Bd3 Bg4 6. h3 Bh5 7. 0-0 Be7 8. Re1 0-0 9. Bf4 Re8 10. Nbd2 Nbd7 11. c3 c5 12. Rc1 Qb6 13. Qb3 c4 14. Qxb6 axb6 15. Bb1 b5 16. Ne5 Nxe5 17. Rxe5 Bf8 18. Rce1 Rxe5 19. Bxe5 Nd7 20. a3 f6 21. Bf4 g5 22. Bg3 Bf7 23. Nf1 Nb6 24. Bc2 Na4 25. Rb1 Bg6 26. Ne3 Rd8 27. Kf1 Rd7 28. Ke2 Bxa3 29. Bxa4 bxa4 30. bxa3 Bxb1 31. Kd2 Kf7 32. h4 h6 33. hxg5 hxg5 34. f4 Ke6 35. Nd1 Be4 36. Ne3 Rh7 37. fxg5 fxg5 38. Ke2 Rh1 39. Be1 Rh8 40. Bg3 Rc8 41. Kd2 Rc6 42. Bb8 Rb6 43. Ba7 Rb2+ 0-1